Star Girl - McFly (All Lyrics) - Statistics

General Stats
  • This quiz has been taken 49 times
  • The average score is 244 of 325
Answer Stats
Answer % Correct
a
100%
girl
100%
Girl,
100%
girl,
100%
I
100%
in
100%
star
100%
Hey,
97%
I'm
97%
my
97%
My
97%
the
97%
this
97%
when
97%
When
97%
world
97%
away
93%
for
93%
looking
93%
mad
93%
mad,
93%
say
93%
stuck
93%
that
93%
you
93%
You
93%
you,
93%
things
90%
to
90%
your
90%
But
86%
guess
86%
me
86%
me?
86%
miles
86%
million
86%
wanna
86%
as
83%
Go
83%
up
83%
With
83%
with
83%
got
79%
never
79%
Never
79%
On
79%
on
79%
stay
79%
stay,
79%
at
76%
come
76%
like
76%
why,
76%
why
76%
you're
76%
And
72%
asked
72%
dizzy
72%
gotta
72%
it
72%
kissed
72%
makin'
72%
want
72%
wonder
72%
fell
69%
frisbee
69%
love
69%
problem
69%
stop
69%
Uranus
69%
was
69%
wouldn't
69%
Wouldn't
69%
all
66%
can
66%
control
66%
couldn't
66%
Earth
66%
feelin'
66%
intergalactical
66%
no
66%
rise
66%
So
66%
sun
66%
tell
66%
there's
66%
better
62%
Ground
62%
Houston,
62%
Make
62%
much
62%
nothing
62%
starts
62%
surfin'
62%
them
62%
afraid
59%
get
59%
moonlight
59%
us
59%
Way
59%
we've
59%
can't
55%
don't
55%
Fly
55%
forever
55%
gravity's
55%
little
55%
makes
55%
of
55%
(Ooooh,
55%
ooooh,
55%
ooooh)
55%
save
55%
sense
55%
Dance
52%
give
52%
Milky
52%
turn
52%
'Cause
48%
enough
48%
Galaxy
48%
into
48%
night
48%
three,
48%
two!
48%
two,
48%
Watch
48%
day
45%
defenders,
45%
four!
45%
One!
45%
one,
45%
rules
45%
yeah
45%
Yeah,
45%
eyes
41%
skies
41%
Melt
24%
Whoa,
24%
No matching quizzes found
Score Distribution
Percent of People with Each Score
Percentile by Number Answered
Your Score History
You have not taken this quiz